| 000 | 00729nam a2200241 a 4500 | ||
|---|---|---|---|
| 008 | |||
| 020 | _a0205131638 (pbk.) | ||
| 049 | _aMAIN | ||
| 090 |
_aHF5415.32 _bSOL |
||
| 100 | 1 | _aSolomon, Michael R. | |
| 245 | 1 | 0 |
_aConsumer behaviour: _bbuying, having, and being / _cMichael Solomon. |
| 246 | 3 | _aConsumer behavior. | |
| 260 |
_aBoston: _bAllyn and Bacon, _c1992. |
||
| 300 |
_axix, 618 p. : _bcol. ill. ; _c27 cm. |
||
| 504 | _aIncludes bibliographical references. | ||
| 500 | _aIncludes index. | ||
| 650 | 0 |
_aConsumer behavior _zEurope. |
|
| 907 |
_a.b10237033 _b07-09-10 _c15-03-07 |
||
| 003 | |||
| 005 | 20230123134414.0 | ||
| 040 | _cNUST | ||
| 942 |
_cBOOKS _kHF5415.32 _mSOL |
||
| 999 |
_c165372 _d165372 |
||